Statistics for Parentheses Songs Quiz

Click here to take the quiz!

General Stats

  • This quiz has been taken 31,498 times
    (16,363 since last reset)
  • The average score is 11 of 20

Answer Stats

ArtistSong% Correct
The Rolling Stones( {I} {Can}'{t} {Get} {No} ) Satisfaction
83%
BeyoncéSingle Ladies ( {Put} {a} {Ring} {on} {It} )
76%
MeatloafI'd Do Anything for Love ( {But} {I} {Won}'{t} {Do} {That} )
75%
EurythmicsSweet Dreams ( {Are} {Made} {of} {This} )
74%
Dirty Dancing Soundtrack( {I}'{ve} {Had} ) The Time of My Life
72%
Beastie Boys(You Gotta) Fight for Your Right ( {To} {Party}! )
72%
Bryan Adams( {Everything} {I} {Do} ) I Do It for You
70%
Cutting Crew( {I} {Just} ) Died in Your Arms
64%
Otis Redding( {Sittin}' {On} ) The Dock of the Bay
61%
Blue Oyster Cult( {Don}'{t} {Fear} ) The Reaper
56%
Aretha Franklin( {You} {Make} {Me} {Feel} {Like} ) A Natural Woman
54%
AerosmithDude ( {Looks} {Like} {a} {Lady} )
53%
Michael JacksonP.Y.T. ( {Pretty} {Young} {Thing} )
53%
The ProclaimersI'm Gonna Be ( {500} {Miles} )
51%
Marvin GayeHow Sweet It Is ( {To} {Be} {Loved} {By} {You} )
49%
The DoorsBreak On Through ( {To} {the} {Other} {Side} )
48%
AC/DCFor Those About to Rock ( {We} {Salute} {You} )
45%
The Rolling StonesIt's Only Rock 'n' Roll ( {But} {I} {Like} {It} )
39%
Hall & OatesI Can't Go for That ( {No} {Can} {Do} )
24%
The BeatlesNorwegian Wood ( {This} {Bird} {Has} {Flown} )
18%

Score Distribution

Percentile by Number Answered

Percent of People with Each Score

Your Score History

You have not taken this quiz since the last reset